Cytogenetika človeka - chromozómová analýza

Bibliographic Details
Main Author: Boroňová, Iveta (Author)
Format: Book
Language:Slovak
PhysicalDescription:78 s. ilustr., tab. 24 cm
Published: Prešov Prešovská univerzita, Fakulta humanitných a prírodných vied 2015
ISBN:9788055515137
Edition:1. vyd.
Subjects:

MARC

LEADER 00000nam a2200000 a 4500
001 vtls011547338
003 SK-MaSNL
005 20260301092028.0
008 240318s2015 xo a e n 000 0 slo
015 |a SNBA2016/05 
020 |a 9788055515137  |q (brož.) 
035 |a B4ECCF52-50C5-4004-AE43-FC08AC67309D 
035 |a urn:nbn:sk:snk-amlld7 
035 |a urn:nbn:sk:snk-am00aza3 
040 |a SNK  |b slo  |c SNK  |e AACR2 
041 0 |a slo 
044 |a xo  |c SK 
072 7 |a 575  |x Všeobecná genetika. Všeobecná cytogenetika. Evolúcia  |2 konspekt 
072 7 |a 616  |x Patológia. Klinická medicína  |2 konspekt 
080 |a 575  |2 2011 
080 |a 576.316  |2 2011 
080 |a 576.316.03  |2 2011 
080 |a 616:575  |2 2011 
080 |a (075)  |2 2011 
100 1 |a Boroňová, Iveta  |4 aut  |9 326764 
245 1 0 |a Cytogenetika človeka - chromozómová analýza  |c Iveta Boroňová 
250 |a 1. vyd. 
260 |a Prešov  |b Prešovská univerzita, Fakulta humanitných a prírodných vied  |c 2015 
300 |a 78 s.  |b ilustr., tab.  |c 24 cm 
366 |e 100 výt. 
504 |a Bibliogr.: s. 76-78 
650 0 7 |a cytogenetika  |2 SNKPH  |9 18386 
650 0 7 |a Cytogenetics  |2 SNKPHeng  |9 418777 
650 0 7 |a chromozómy  |2 SNKPH  |9 16309 
650 0 7 |a Chromosomes  |2 SNKPHeng  |9 422223 
650 0 7 |a chromozómové aberácie  |2 SNKPH  |9 111562 
650 0 7 |a Chromosome aberrations  |2 SNKPHeng  |9 422224 
650 0 7 |a klinická cytogenetika  |2 SNKPH  |9 124391 
650 0 7 |a Clinical cytogenetics  |2 SNKPHeng  |9 422225 
655 7 |a učebné texty  |2 SNKPH  |9 70568 
655 7 |a Educational texts  |2 SNKPHeng  |9 277375 
919 |a 978-80-555-1513-7 
958 |a MI 
958 |a NB 
999 |c 672839  |d 674769 
952 |a SNK  |b SNK  |y PREZ  |7 0  |p 17A1193507  |o snkSC 169401  |i snk2016/10358  |8 0  |0 0  |1 0  |4 0  |d 2016-04-22  |f 1  |l 0  |r 2026-02-23 19:32:07  |w 2026-02-23 
952 |a SNK  |b SNK  |y VYP  |7 0  |p 17A1193508  |o snkSC 169401 D1  |i snk2016/10359  |8 0  |0 0  |1 0  |4 0  |d 2016-04-22  |l 0  |r 2026-02-23 19:32:07  |w 2026-02-23